[Event "Ruhrgebiet Verbandsklasse Gruppe 2 1415"]
[Site "Germany"]
[Date "2015.04.26"]
[Round "9.8"]
[White "Kueppers, Timo"]
[Black "Herrmann, Christoph"]
[Result "1/2-1/2"]
[WhiteElo "1702"]
[BlackElo "1756"]
[PlyCount "80"]
[EventDate "2014.09.21"]
[EventType "team-tourn"]
[EventRounds "9"]
[EventCountry "GER"]
[SourceTitle "EXT 2022"]
[Source "ChessBase"]
[SourceDate "2021.10.06"]
[SourceVersion "1"]
[SourceVersionDate "2021.10.06"]
[SourceQuality "1"]
[WhiteTeam "Borbeck Weisse Dame II"]
[BlackTeam "Dortmund SV"]
[WhiteTeamCountry "GER"]
[BlackTeamCountry "GER"]

1. c4 Nf6 2. g3 g6 3. Bg2 Bg7 4. Nc3 0-0 5. b3 d6 6. Bb2 Nbd7 7. Nf3 c5 8. 0-0 a6 9. e3 Rb8 10. d3 b5 11. Qc2 bxc4 12. dxc4 Ng4 13. h3 Nge5 14. Nxe5 Nxe5 15. f4 Nd7 16. g4 Nb6 17. Rac1 e6 18. Ne4 Bxb2 19. Qxb2 f5 20. Nf2 Qe7 21. Rfd1 Bb7 22. Qd2 Bxg2 23. Kxg2 Qb7+ 24. Kg3 Rbd8 25. Rc3 Nc8 26. g5 Rde8 27. Nd3 Qc6 28. h4 Re7 29. Qg2 Qc7 30. Rh1 Kf7 31. h5 Ke8 32. hxg6 hxg6 33. Rh6 Rg8 34. Rc1 Qb7 35. Rch1 Qxg2+ 36. Kxg2 Kd7 37. Rh7 Rgg7 38. Rxg7 Rxg7 39. Kf3 Ne7 40. Rh8 Kc6 1/2-1/2

[Event "NRW Verbandsliga Group2 1314"]
[Site "Nordrheinwestfalen"]
[Date "2013.10.13"]
[Round "2"]
[White "Gerlach, Felix Tobias"]
[Black "Herrmann, Christoph"]
[Result "0-1"]
[WhiteElo "1630"]
[BlackElo "1796"]
[PlyCount "52"]
[EventDate "2013.09.08"]
[EventType "team-tourn"]
[EventRounds "9"]
[EventCountry "GER"]
[SourceTitle "EXT 2020"]
[Source "ChessBase"]
[SourceDate "2019.10.17"]
[SourceVersion "1"]
[SourceVersionDate "2019.10.17"]
[SourceQuality "1"]
[WhiteTeam "Recklinghausen Laeufer Ost"]
[BlackTeam "Dortmund SV"]
[WhiteTeamCountry "GER"]
[BlackTeamCountry "GER"]

1. e4 c5 2. Nf3 d6 3. d4 cxd4 4. Nxd4 Nf6 5. Nc3 a6 6. Bg5 e6 7. f4 Be7 8. Qf3 Qc7 9. h3 Nbd7 10. Nb3 h6 11. Bh4 g5 12. fxg5 Ne5 13. Qf2 Nfg4 14. Qg1 hxg5 15. Bxg5 Bxg5 16. hxg4 Bh4+ 17. Ke2 b5 18. g3 b4 19. Rxh4 Rxh4 20. gxh4 bxc3 21. Kd1 cxb2 22. Rb1 Bb7 23. Bd3 Rc8 24. Qg2 Qc3 25. Qe2 d5 26. Bxa6 Bxa6 0-1

[Event "Dortmund Sparkassen op-B"]
[Site "Dortmund"]
[Date "2011.07.28"]
[Round "6"]
[White "Herrmann, Christoph"]
[Black "Schulze, Marc Andre"]
[Result "1-0"]
[WhiteElo "1935"]
[BlackElo "1837"]
[PlyCount "55"]
[EventDate "2011.07.23"]
[EventType "swiss"]
[EventRounds "9"]
[EventCountry "GER"]
[SourceTitle "EXT 2013"]
[Source "ChessBase"]
[SourceDate "2012.11.22"]
[SourceVersion "1"]
[SourceVersionDate "2012.11.22"]
[SourceQuality "1"]

1. Nf3 Nf6 2. c4 g6 3. d4 Bg7 4. Nc3 0-0 5. e4 d6 6. Be2 Na6 7. 0-0 c5 8. d5 Bg4 9. Ne1 Bxe2 10. Qxe2 Nc7 11. Nd3 a6 12. a4 b5 13. axb5 axb5 14. Rxa8 Qxa8 15. cxb5 Qb7 16. b4 Nd7 17. Bd2 Nxb5 18. Nxb5 Qxb5 19. Qe3 Bd4 20. Qf3 c4 21. Nc1 Rc8 22. Ne2 Bf6 23. Rb1 Ne5 24. Qa3 c3 25. Nxc3 Qd3 26. Qa2 Nc4 27. Qa6 Rc7 28. Bh6 1-0

[Event "Dortmund Sparkassen op-B"]
[Site "Dortmund"]
[Date "2008.07.03"]
[Round "6"]
[White "Rohovoy, Dimitrij"]
[Black "Herrmann, Christoph"]
[Result "1/2-1/2"]
[WhiteElo "1563"]
[BlackElo "1833"]
[PlyCount "80"]
[EventDate "2008.06.30"]
[EventType "swiss"]
[EventRounds "9"]
[EventCountry "GER"]
[SourceTitle "EXT 2022"]
[Source "ChessBase"]
[SourceDate "2021.10.06"]
[SourceVersion "1"]
[SourceVersionDate "2021.10.06"]
[SourceQuality "1"]

1. d4 Nf6 2. c4 c5 3. e3 e6 4. Nc3 d5 5. Nf3 Nc6 6. Bd3 dxc4 7. Bxc4 Be7 8. 0-0 0-0 9. a3 a6 10. dxc5 Bxc5 11. b4 Be7 12. Qxd8 Rxd8 13. Bb2 b5 14. Be2 Bb7 15. Rfd1 Rac8 16. Rxd8+ Rxd8 17. Rd1 Rxd1+ 18. Bxd1 Bd6 19. Ne2 Nd7 20. Ned4 Nce5 21. Nxe5 Nxe5 22. Bb3 Nc4 23. Bxc4 bxc4 24. Bc3 g6 25. g3 e5 26. Ne2 f6 27. f4 Kf7 28. Kf2 Ke6 29. Bd2 Kd7 30. Nc3 Bc6 31. Ke1 Kc7 32. Kd1 Kb6 33. Kc2 g5 34. fxg5 fxg5 35. e4 g4 36. Nd5+ Kb7 37. Kc3 Bb8 38. Be3 h5 39. Kxc4 Bc7 40. Nxc7 Kxc7 1/2-1/2

[Event "Leverkusen-ch op"]
[Site "Leverkusen"]
[Date "2008.01.14"]
[Round "1"]
[White "Von Oppenkowski, Roman"]
[Black "Herrmann, Christoph"]
[Result "0-1"]
[WhiteElo "1325"]
[BlackElo "1842"]
[PlyCount "66"]
[EventDate "2008.01.14"]
[EventType "swiss"]
[EventRounds "7"]
[EventCountry "GER"]
[SourceTitle "EXT 2010"]
[Source "ChessBase"]
[SourceDate "2010.11.25"]
[SourceVersion "1"]
[SourceVersionDate "2010.11.25"]
[SourceQuality "1"]

1. e4 c5 2. Nf3 d6 3. c3 Nf6 4. d3 e6 5. Bg5 Be7 6. Nbd2 Nc6 7. Be2 0-0 8. 0-0 b6 9. Qc2 Bb7 10. a3 Rc8 11. Rac1 Qc7 12. Rfe1 Rfd8 13. Bf1 Ne5 14. Nxe5 dxe5 15. Nf3 Rd7 16. Rcd1 Rcd8 17. h3 Kf8 18. Bh4 Nh5 19. Bxe7+ Kxe7 20. g3 Nf6 21. Re3 b5 22. Be2 c4 23. Nd2 cxd3 24. Bxd3 a6 25. f3 g5 26. b4 h5 27. Kg2 g4 28. h4 gxf3+ 29. Kxf3 Ng4 30. Nf1 f5 31. Ree1 fxe4+ 32. Bxe4 Rf8+ 33. Kg2 Rf2+ 0-1

[Event "Leverkusen-ch op"]
[Site "Leverkusen"]
[Date "2005.03.21"]
[Round "7"]
[White "Rosskothen, Arnd"]
[Black "Herrmann, Christoph"]
[Result "0-1"]
[WhiteElo "2184"]
[BlackElo "1719"]
[PlyCount "82"]
[EventDate "2005.01.10"]
[EventType "swiss"]
[EventRounds "9"]
[EventCountry "GER"]
[SourceTitle "EXT 2006"]
[Source "ChessBase"]
[SourceDate "2005.11.24"]
[SourceVersion "1"]
[SourceVersionDate "2005.11.24"]
[SourceQuality "1"]

1. e4 c6 2. d4 d5 3. e5 Bf5 4. Nf3 e6 5. Be2 Ne7 6. Bg5 Qb6 7. Qc1 Nd7 8. 0-0 c5 9. Nc3 a6 10. dxc5 Qxc5 11. Be3 Qa5 12. Bd4 Nc6 13. Qf4 Be7 14. h4 h6 15. Rfd1 Bxc2 16. Rd2 Nxd4 17. Nxd4 Bh7 18. Bh5 0-0 19. Re1 Bb4 20. Re3 Bxc3 21. bxc3 Rac8 22. Ne2 Rc4 23. Rd4 Rxd4 24. Nxd4 Qxa2 25. Rg3 Qb1+ 26. Kh2 Bg6 27. Bxg6 fxg6 28. Qg4 Nc5 29. Nxe6 Nxe6 30. Qxe6+ Kh7 31. Qxd5 Rxf2 32. e6 Rf1 33. Re3 Rh1+ 34. Kg3 Qg1 35. Qe5 Qh2+ 36. Kf3 Rf1+ 37. Ke2 Qxg2+ 38. Kd3 Rd1+ 39. Kc4 Qa2+ 40. Kc5 Qa5+ 41. Kc4 Qa4+ 0-1

[Event "Leverkusen-ch op"]
[Site "Leverkusen"]
[Date "2005.02.14"]
[Round "4"]
[White "Vasiljev, Jurij"]
[Black "Herrmann, Christoph"]
[Result "0-1"]
[WhiteElo "2059"]
[BlackElo "1719"]
[PlyCount "80"]
[EventDate "2005.01.10"]
[EventType "swiss"]
[EventRounds "9"]
[EventCountry "GER"]
[SourceTitle "EXT 2006"]
[Source "ChessBase"]
[SourceDate "2005.11.24"]
[SourceVersion "1"]
[SourceVersionDate "2005.11.24"]
[SourceQuality "1"]

1. d4 Nf6 2. c4 c5 3. e3 g6 4. Nc3 b6 5. Nf3 Bg7 6. Be2 0-0 7. 0-0 Bb7 8. d5 d6 9. e4 Na6 10. h3 Nc7 11. Bf4 Nd7 12. Qd2 Ne5 13. Nxe5 dxe5 14. Bh6 Qd6 15. Bxg7 Kxg7 16. Rad1 Rad8 17. Qe3 Bc8 18. f4 Bd7 19. Qg3 f6 20. fxe5 fxe5 21. Bg4 Bxg4 22. hxg4 Rxf1+ 23. Rxf1 Rf8 24. Rxf8 Kxf8 25. g5 a6 26. a4 Kg7 27. Nd1 Ne6 28. Nf2 Nd8 29. Ng4 Nf7 30. Qh4 Qb8 31. b3 b5 32. axb5 axb5 33. Nh6 bxc4 34. Nxf7 cxb3 35. Qh6+ Kg8 36. Qh3 b2 37. Nh6+ Kh8 38. Kh2 b1Q 39. d6 Qxe4 40. d7 Qf4+ 0-1